Central Library OPAC University of Rajshahi

International relations : (Record no. 46400)

MARC details
000 -LEADER
fixed length control field 01033nam a2200313 a 4500
001 - CONTROL NUMBER
control field 46400
003 - CONTROL NUMBER IDENTIFIER
rucl marc code BD-RjUL
005 - DATE AND TIME OF LATEST TRANSACTION
control field 20221222144950.0
008 - FIXED-LENGTH DATA ELEMENTS--GENERAL INFORMATION
fixed length control field 160802s1957 ii ab b 001 0 eng
035 ## - SYSTEM CONTROL NUMBER
System control number (BD-RjUL)46518
System control number GLIS00505253
040 ## - CATALOGING SOURCE
Original cataloging agency DLC
Transcribing agency DLC
Modifying agency m.c.
-- SER
-- RCD
-- BD-RjUL
Language of cataloging eng
041 ## - LANGUAGE CODE
Language code of text/sound track or separate title eng
082 ## - DEWEY DECIMAL CLASSIFICATION NUMBER
Edition number 23
Classification number 327
Author mark and year PAI 1957
090 ## - LOCALLY ASSIGNED LC-TYPE CALL NUMBER (OCLC); LOCAL CALL NUMBER (OCLC)
Classification number (OCLC) (R) ; Classification number, CALL (RLIN) (NR) JX1308
Local cutter number (OCLC) ; Book number/undivided call number, CALL (RLIN) .P175 1969
099 ## - LOCAL FREE-TEXT CALL NUMBER (OCLC)
Bangla Class number JX1308.P175 1969
100 10 - MAIN ENTRY--PERSONAL NAME
Personal name Palmer, Norman Dunbar.
9 (RLIN) 129998
245 10 - TITLE STATEMENT
Title International relations :
Remainder of title the world community in transition /
Statement of responsibility, etc. Norman D. Palmer [and] Howard C. Perkins.
250 ## - EDITION STATEMENT
Edition statement 2nd ed.
260 ## - PUBLICATION, DISTRIBUTION, ETC. (IMPRINT)
Place of publication, distribution, etc. Boston :
Name of publisher, distributor, etc. Houghton Mifflin,
Date of publication, distribution, etc. 1957
300 ## - PHYSICAL DESCRIPTION
Pagination xxxv, 870 p. :
Illustrations ill.,
Size 25 cm.
504 ## - BIBLIOGRAPHY, ETC. NOTE
Bibliography, etc Includes bibliographical references.
505 ## - FORMATTED CONTENTS NOTE
Formatted contents note "LOST BOOK, FINE RECEIVED FROM BORROWER"
650 #0 - SUBJECT ADDED ENTRY--TOPICAL TERM
Topical term or geographic name as entry element International relations.
9 (RLIN) 129999
Topical term or geographic name as entry element World politics
Chronological subdivision 1945-1989.
9 (RLIN) 125429
700 1# - ADDED ENTRY--PERSONAL NAME
Personal name Perkins, Howard Cecil, jt. auth.
942 ## - ADDED ENTRY ELEMENTS (KOHA)
Source of classification or shelving scheme Dewey Decimal Classification
Koha item type Books
Holdings
Lost status Source of classification or shelving scheme Damaged status Not for loan Collection code Permanent Location Current Location Date acquired Source of acquisition Cost, normal purchase price Total Checkouts Total Renewals Full call number Date last seen Date checked out Copy number Koha item type
  Dewey Decimal Classification     Non-fiction Central Library, University of Rajshahi Central Library, University of Rajshahi 16/03/1963 Zeithlinger 63.00 21 5 327 PAI 1957 21/12/2022 18/10/2022 C-2 Books